| 000 | 00710nam a2200229Ia 4500 | ||
|---|---|---|---|
| 005 | 20250508165440.0 | ||
| 008 | 008 250505s9999 xx 000 0 eng d | ||
| 020 | _a978-0-415-53998-2 | ||
| 037 | _aReference | ||
| 040 |
_aFEDL _beng _cFEDL |
||
| 041 |
_aeng _2eng |
||
| 084 |
_a379.26, BHO/RR _qFEDL |
||
| 100 |
_aBhopal Kalwant Ed. _9780890 |
||
| 245 | 0 | _aEducation inequalities: Difference and diversity in schools and higher education | |
| 260 |
_aLondon, UK _bRoutledge _c2014 |
||
| 300 | _aviii, 288p. | ||
| 365 |
_aGBP _b90 |
||
| 490 | _aRoutledge Research in Education | ||
| 700 |
_a Maylor Uvanney Ed. _9780891 |
||
| 942 |
_cREF _h379.26, BHO/RR |
||
| 999 |
_c1395158 _d1395158 |
||